| Tag |
First Indicator |
Second Indicator |
Subfields |
| LEADER |
00000nam a2200000Ia 4500 |
| 001 |
in00004335021 |
| 005 |
20200812095520.0 |
| 006 |
m g d |
| 007 |
cr bn |||a|bb| |
| 008 |
150420s1642 enk o 000 0 eng d |
| 040 |
|
|
|a UMI
|e dcrmb
|c UMI
|
| 035 |
|
|
|a (OCoLC)907645637
|
| 037 |
|
|
|a CL0037000140
|b ProQuest, 789 E. Eisenhower Parkway, Ann Arbor, MI 48108-3218
|
| 043 |
|
|
|a e-uk---
|
| 050 |
|
4 |
|a DA415
|
| 049 |
|
|
|a UMIA
|
| 110 |
1 |
|
|a England.
|b Parliament.
|
| 245 |
1 |
2 |
|a A true coppy of the instructions agreed upon by the Lords and Commons assembled in Parliament, and sent to His Excellency the Earle of Essex, Lord Generall of the Army, concerning the advancing of his forces towards his Majesty, &c..
|
| 246 |
3 |
|
|a True copy of the instructions agreed upon by the Lords and Commons assembled in Parliament, and sent to His Excellency the Earle of Essex, Lord Generall of the Army, concerning the advancing of his forces towards his Majesty, &c.
|
| 260 |
|
|
|a [London] :
|b Printed for F. Coules.
|c 1642. Octob. 5.
|
| 300 |
|
|
|a 1 online resource (1 sheet ([1] pages)
|
| 336 |
|
|
|a text
|b txt
|2 rdacontent
|
| 337 |
|
|
|a computer
|b c
|2 rdamedia
|
| 338 |
|
|
|a online resource
|b cr
|2 rdacarrier
|
| 500 |
|
|
|a Publication location Cf. ESTC.
|
| 510 |
4 |
|
|a Wing (2nd edition, 1994),
|c E2380
|
| 510 |
4 |
|
|a ESTC
|c R172035
|
| 500 |
|
|
|a Reproduction of original in: Middle Temple (London, England). Library.
|
| 533 |
|
|
|a Electronic reproduction.
|b Ann Arbor, Mich. :
|c UMI,
|d 1999-
|f (Early English books online)
|n Digital version of: (Early English books, 1641-1700 ; 3063:19)
|7 s1999 miun s
|
| 651 |
|
0 |
|a Great Britain
|x Politics and government
|v Early works to 1800.
|
| 651 |
|
0 |
|a Great Britain
|x Kings and rulers
|x Law and legislation
|v Early works to 1800.
|
| 655 |
|
7 |
|a Broadsides
|z England
|z London
|y 17th century.
|2 rbgenr
|
| 700 |
1 |
|
|a Coles, Francis,
|d -1680,
|e bookseller.
|
| 752 |
|
|
|a Great Britain
|b England
|d London.
|
| 830 |
|
0 |
|a Early English books online.
|
| 856 |
4 |
0 |
|u http://proxy.library.tamu.edu/login?url=https://search.proquest.com/docview/2240875306
|z Connect to the full text of this electronic book
|t 0
|
| 994 |
|
|
|a 02
|b UMI
|
| 999 |
f |
f |
|s 944effac-1d6b-3d59-9044-0b9bad7f6cf1
|i cbdc5e6d-5915-37d5-8378-6e7816211e06
|t 0
|
| 952 |
f |
f |
|a Texas A&M University
|b College Station
|c Electronic Resources
|d Available Online
|t 0
|e DA415
|h Library of Congress classification
|
| 998 |
f |
f |
|a DA415
|t 0
|l Available Online
|